[Event "NRW Class1 1819"]
[Site "Germany"]
[Date "2019.03.17"]
[Round "7.6"]
[White "Waechtler, Frank"]
[Black "Haas, Kai Markus"]
[Result "1/2-1/2"]
[WhiteElo "1980"]
[BlackElo "1931"]
[PlyCount "35"]
[EventDate "2018.09.16"]
[EventType "team-tourn"]
[EventRounds "9"]
[EventCountry "GER"]
[SourceTitle "EXT 2022"]
[Source "ChessBase"]
[SourceDate "2021.10.06"]
[SourceVersion "1"]
[SourceVersionDate "2021.10.06"]
[SourceQuality "1"]
[WhiteTeam "Weidenau/Geisweid"]
[BlackTeam "Nienberge"]
[WhiteTeamCountry "GER"]
[BlackTeamCountry "GER"]

1. e4 d5 2. exd5 Nf6 3. Nc3 Bg4 4. Be2 Bxe2 5. Qxe2 a6 6. Nf3 Nxd5 7. Nxd5 Qxd5 8. c4 Qf5 9. d4 Nc6 10. a3 e6 11. d5 Nd8 12. 0-0 Bd6 13. dxe6 Nxe6 14. Nd4 Qf6 15. Nxe6 Qxe6 16. Qxe6+ fxe6 17. Re1 Kf7 18. Bd2 1/2-1/2

[Event "NRW Class1 1819"]
[Site "Germany"]
[Date "2018.12.09"]
[Round "4.7"]
[White "Gruermann, Martin"]
[Black "Haas, Kai Markus"]
[Result "1-0"]
[WhiteElo "2208"]
[BlackElo "1931"]
[PlyCount "79"]
[EventDate "2018.09.16"]
[EventType "team-tourn"]
[EventRounds "9"]
[EventCountry "GER"]
[SourceTitle "EXT 2022"]
[Source "ChessBase"]
[SourceDate "2021.10.06"]
[SourceVersion "1"]
[SourceVersionDate "2021.10.06"]
[SourceQuality "1"]
[WhiteTeam "Letmathe"]
[BlackTeam "Nienberge"]
[WhiteTeamCountry "GER"]
[BlackTeamCountry "GER"]

1. e4 d5 2. exd5 Nf6 3. d4 Bg4 4. Nf3 Qxd5 5. Be2 Nc6 6. c4 Qf5 7. h3 Bxf3 8. Bxf3 Qe6+ 9. Be2 0-0-0 10. Be3 Qf5 11. 0-0 e6 12. Nc3 Be7 13. a3 Rd7 14. g4 Qa5 15. b4 Bxb4 16. axb4 Qxb4 17. Qc2 Nxd4 18. Bxd4 Rxd4 19. Rxa7 Ne8 20. Rb1 Qc5 21. Qa4 Qc6 22. Raxb7 Qxa4 23. Nxa4 h5 24. Rb8+ Kd7 25. Rd1 Rxd1+ 26. Bxd1 hxg4 27. hxg4 Rh6 28. c5 Rg6 29. Be2 Nf6 30. Bb5+ Ke7 31. f3 Nd5 32. Kf2 e5 33. Re8+ Kf6 34. Bc4 Nf4 35. Nc3 Rh6 36. Ne4+ Kg6 37. Rxe5 f6 38. Re7 Rh2+ 39. Kg3 Rc2 40. Bf7+ 1-0

[Event "NRW Class1 1819"]
[Site "Germany"]
[Date "2018.10.14"]
[Round "2.7"]
[White "Fecke, Andreas"]
[Black "Haas, Kai Markus"]
[Result "1-0"]
[WhiteElo "2058"]
[BlackElo "1931"]
[PlyCount "79"]
[EventDate "2018.09.16"]
[EventType "team-tourn"]
[EventRounds "9"]
[EventCountry "GER"]
[SourceTitle "EXT 2022"]
[Source "ChessBase"]
[SourceDate "2021.10.06"]
[SourceVersion "1"]
[SourceVersionDate "2021.10.06"]
[SourceQuality "1"]
[WhiteTeam "Lippstadt Turm"]
[BlackTeam "Nienberge"]
[WhiteTeamCountry "GER"]
[BlackTeamCountry "GER"]

1. e4 d6 2. Nf3 g6 3. Be2 Bg7 4. 0-0 Nd7 5. Re1 e5 6. d4 Ngf6 7. Bf1 0-0 8. Nc3 h6 9. h3 Re8 10. dxe5 dxe5 11. Be3 c6 12. Qd2 Kh7 13. a4 a5 14. Rad1 Qe7 15. Bc4 Bf8 16. g4 Ng8 17. g5 h5 18. Qe2 Kg7 19. Nh4 Nc5 20. Qf3 Be6 21. Be2 Qc7 22. Qg3 Rac8 23. Kh1 Bd6 24. Rd2 Na6 25. Bxh5 Ne7 26. Bg4 Bxg4 27. hxg4 Bc5 28. Kg2 Rcd8 29. Rxd8 Rxd8 30. Qf3 Ng8 31. Rh1 Bxe3 32. Qxe3 Qe7 33. Nf3 Nb4 34. Ne2 Qd7 35. Nxe5 Qe6 36. Qc3 f6 37. gxf6+ Qxf6 38. f4 Kf8 39. Rh7 Ke8 40. Qc4 1-0

[Event "NRW Class1 1819"]
[Site "Germany"]
[Date "2018.09.16"]
[Round "1.7"]
[White "Dorner, Matthias"]
[Black "Haas, Kai Markus"]
[Result "1/2-1/2"]
[WhiteElo "2133"]
[BlackElo "1931"]
[PlyCount "92"]
[EventDate "2018.09.16"]
[EventType "team-tourn"]
[EventRounds "9"]
[EventCountry "GER"]
[SourceTitle "EXT 2022"]
[Source "ChessBase"]
[SourceDate "2021.10.06"]
[SourceVersion "1"]
[SourceVersionDate "2021.10.06"]
[SourceQuality "1"]
[WhiteTeam "Krefelder Turm"]
[BlackTeam "Nienberge"]
[WhiteTeamCountry "GER"]
[BlackTeamCountry "GER"]

1. d4 d6 2. c3 Nf6 3. Bf4 g6 4. e3 Bg7 5. h3 Nbd7 6. Nf3 0-0 7. Nbd2 Re8 8. Bc4 e6 9. 0-0 a6 10. a4 b6 11. Re1 Bb7 12. Bh2 h6 13. Qc2 Qe7 14. Be2 Rac8 15. Nc4 Ne4 16. Nfd2 Nxd2 17. Nxd2 e5 18. Bf3 e4 19. Be2 Nf6 20. Qb3 Rb8 21. Qa3 Bf8 22. a5 b5 23. c4 bxc4 24. Nxc4 Bc6 25. Rac1 Bb5 26. Qa2 Qe6 27. b3 h5 28. Red1 Nd5 29. Qd2 Rb7 30. Qe1 Kh7 31. Rc2 f5 32. Rdc1 Ra8 33. Nd2 Bxe2 34. Qxe2 Raa7 35. Qc4 Qg8 36. g4 Bh6 37. Kh1 Nb4 38. Qxg8+ Kxg8 39. Rc4 Nd3 40. Rf1 hxg4 41. hxg4 Rb5 42. gxf5 gxf5 43. Ra4 Ra8 44. Rc4 Rb7 45. Rc6 Nb4 46. Rc4 Nd3 1/2-1/2

[Event "Muensterland Regionalliga 1415"]
[Site "Germany"]
[Date "2015.02.21"]
[Round "6.5"]
[White "Haas, Kai Markus"]
[Black "Boelker, Franz"]
[Result "1/2-1/2"]
[WhiteElo "1978"]
[BlackElo "1816"]
[PlyCount "67"]
[EventDate "2014.09.20"]
[EventType "team-tourn"]
[EventRounds "9"]
[EventCountry "GER"]
[SourceTitle "EXT 2016"]
[Source "ChessBase"]
[SourceDate "2015.10.08"]
[SourceVersion "1"]
[SourceVersionDate "2015.10.08"]
[SourceQuality "1"]
[WhiteTeam "Nienberge"]
[BlackTeam "Raesfeld Erle"]
[WhiteTeamCountry "GER"]
[BlackTeamCountry "GER"]

1. e4 c5 2. d3 g6 3. Nf3 Bg7 4. g3 Nc6 5. Bg2 e6 6. 0-0 Nge7 7. Re1 0-0 8. Nbd2 d6 9. c3 b5 10. Nf1 Bb7 11. Nh4 b4 12. Bd2 Ne5 13. Qc2 Ba6 14. c4 N5c6 15. Nf3 Bb7 16. Rad1 Nd4 17. Nxd4 Bxd4 18. Ne3 Nc6 19. Bc1 a5 20. Kh1 Bg7 21. f4 Nd4 22. Qf2 Qd7 23. g4 f5 24. gxf5 exf5 25. exf5 Nxf5 26. Nd5 Rae8 27. b3 Bd4 28. Rxe8 Qxe8 29. Qe1 Qd7 30. Be4 Kg7 31. Rd2 Ne7 32. Re2 Nxd5 33. cxd5 Qf7 34. Bg2 1/2-1/2

[Event "Muensterland Regionalliga 1415"]
[Site "Germany"]
[Date "2015.01.17"]
[Round "5.5"]
[White "Lehmann, Mona"]
[Black "Haas, Kai Markus"]
[Result "0-1"]
[WhiteElo "1926"]
[BlackElo "1978"]
[PlyCount "108"]
[EventDate "2014.09.20"]
[EventType "team-tourn"]
[EventRounds "9"]
[EventCountry "GER"]
[SourceTitle "EXT 2016"]
[Source "ChessBase"]
[SourceDate "2015.10.08"]
[SourceVersion "1"]
[SourceVersionDate "2015.10.08"]
[SourceQuality "1"]
[WhiteTeam "Emsdetten Rochade"]
[BlackTeam "Nienberge"]
[WhiteTeamCountry "GER"]
[BlackTeamCountry "GER"]

1. e4 d5 2. exd5 Nf6 3. Bb5+ Nbd7 4. d4 Nxd5 5. Nf3 g6 6. 0-0 Bg7 7. Re1 0-0 8. Qe2 c6 9. Bc4 e6 10. Bb3 a5 11. c4 N5f6 12. Nc3 Re8 13. h3 b6 14. Bf4 Ba6 15. Qd2 Ra7 16. Rad1 Qa8 17. Ne5 Nxe5 18. Bxe5 Rd7 19. Re3 Red8 20. Rf3 Ne4 21. Nxe4 Bxe5 22. Rd3 Bg7 23. Qf4 a4 24. Bxa4 Bxc4 25. Ra3 Qb7 26. Nf6+ Bxf6 27. Qxf6 b5 28. Bc2 c5 29. h4 Be2 30. Re1 Bh5 31. dxc5 b4 32. Rb3 Qd5 33. Qe5 Qc4 34. Be4 Bd1 35. Rg3 Qd4 36. Qxd4 Rxd4 37. c6 Ba4 38. Bf3 Rc8 39. Rc1 Rc7 40. b3 Bb5 41. Rg5 f5 42. h5 Kf7 43. hxg6+ hxg6 44. Rc5 Bd3 45. Rg3 Kf6 46. Rh3 Bb1 47. Rb5 Be4 48. Rb7 Rxc6 49. Bxe4 Rxe4 50. f3 Rd4 51. Rg3 Rc2 52. Ra7 Rd1+ 53. Kh2 Rcc1 54. Rh3 f4 0-1

[Event "Muensterland Regionalliga 1314"]
[Site "Germany"]
[Date "2013.10.05"]
[Round "2.4"]
[White "Haas, Kai Markus"]
[Black "Hiller, Simon"]
[Result "1/2-1/2"]
[WhiteElo "1982"]
[BlackElo "1894"]
[PlyCount "171"]
[EventDate "2013.09.07"]
[EventType "team-tourn"]
[EventRounds "9"]
[EventCountry "GER"]
[SourceTitle "EXT 2015"]
[Source "ChessBase"]
[SourceDate "2014.11.20"]
[SourceVersion "1"]
[SourceVersionDate "2014.11.20"]
[SourceQuality "1"]
[WhiteTeam "Sendenhorst"]
[BlackTeam "Emsdetten Rochade"]
[WhiteTeamCountry "GER"]
[BlackTeamCountry "GER"]

1. e4 c6 2. d3 d5 3. Nd2 e5 4. Ngf3 Bd6 5. d4 exd4 6. Bd3 Bg4 7. 0-0 Qc7 8. h3 Bh5 9. Re1 Ne7 10. exd5 cxd5 11. Nb3 Nbc6 12. a3 a6 13. Be2 Bxf3 14. Bxf3 0-0 15. Bg5 Rfe8 16. Nxd4 h6 17. Be3 Ne5 18. c3 Nc4 19. Bc1 Rad8 20. Rb1 Qb6 21. Be3 Nxe3 22. Rxe3 Bf4 23. Re1 Kf8 24. g3 Bd6 25. Bh5 g6 26. Bf3 Qc7 27. Kg2 Be5 28. Qd2 Kg7 29. Rbd1 Nc6 30. Nc2 Qb6 31. Ne3 d4 32. Ng4 dxc3 33. Qxh6+ Kg8 34. Rxd8 Qxd8 35. bxc3 Bg7 36. Qc1 Na5 37. Rxe8+ Qxe8 38. c4 Qe7 39. Bd5 Nc6 40. Qf4 Nd8 41. Qe3 Qxe3 42. Nxe3 Kf8 43. Kf3 Ke7 44. g4 b5 45. cxb5 axb5 46. Bb3 Bb2 47. Nc2 Ne6 48. Bxe6 Kxe6 49. Ke4 f5+ 50. gxf5+ gxf5+ 51. Ke3 Kf6 52. h4 Kg6 53. Kf4 Bc1+ 54. Kg3 Bb2 55. Kf4 Bc1+ 56. Ke5 Bb2+ 57. Ke6 f4 58. Kd5 Kh5 59. Nd4 Bxa3 60. Nxb5 Bc1 61. Ke4 Kxh4 62. Nd4 Kg4 63. f3+ Kg5 64. Ne6+ Kg6 65. Ke5 Kf7 66. Kf5 Bd2 67. Ke5 Bc1 68. Nxf4 Bxf4+ 69. Kxf4 Kf6 70. Kg4 Kg6 71. f4 Kf6 72. f5 Kf7 73. Kf4 Kf6 74. Ke4 Kf7 75. Ke5 Ke7 76. Kf4 Kf6 77. Kg4 Kf7 78. Kg5 Kg7 79. f6+ Kf7 80. Kf5 Kf8 81. Ke6 Ke8 82. Kf5 Kf7 83. Kg5 Kf8 84. Kg6 Kg8 85. f7+ Kf8 86. Kf6 1/2-1/2

[Event "Muensterland Verbandsliga 1213"]
[Site "Germany"]
[Date "2013.02.02"]
[Round "6.6"]
[White "Rothkegel, Juergen"]
[Black "Haas, Kai Markus"]
[Result "0-1"]
[WhiteElo "1885"]
[BlackElo "1923"]
[PlyCount "98"]
[EventDate "2012.09.22"]
[EventType "team-tourn"]
[EventRounds "9"]
[EventCountry "GER"]
[SourceTitle "EXT 2015"]
[Source "ChessBase"]
[SourceDate "2014.11.20"]
[SourceVersion "1"]
[SourceVersionDate "2014.11.20"]
[SourceQuality "1"]
[WhiteTeam "Gronau"]
[BlackTeam "Sendenhorst"]
[WhiteTeamCountry "GER"]
[BlackTeamCountry "GER"]

1. e4 d6 2. d4 g6 3. f4 Bg7 4. Nf3 Nf6 5. Bd3 e6 6. 0-0 0-0 7. c3 d5 8. e5 Nfd7 9. g4 f6 10. exf6 Nxf6 11. Ne5 Nbd7 12. g5 Ne4 13. Qe2 Nxe5 14. Bxe4 Nc4 15. Bd3 Nd6 16. b3 Nf5 17. Nd2 Nxd4 18. Qg4 Nf5 19. Nf3 Bxc3 20. Rb1 Bg7 21. Ne5 Bxe5 22. fxe5 Qe7 23. b4 c5 24. bxc5 Qxc5+ 25. Kh1 Rf7 26. Bd2 Qa3 27. Rb3 Qf8 28. Bb4 Qd8 29. Re1 Bd7 30. Bd2 Bc6 31. h4 Rc8 32. Kh2 Qf8 33. Bb4 Qg7 34. Rb2 Rfc7 35. Rf2 Be8 36. Kg1 Rc1 37. Rff1 Rxe1 38. Rxe1 Qc7 39. Kh2 Qb6 40. Rf1 Qe3 41. Rf3 Qxe5+ 42. Kh3 Rc1 43. Bf1 Bb5 44. Bg2 Rc4 45. Rxf5 exf5 46. Qd1 Rxb4 47. Bxd5+ Kg7 48. h5 gxh5 49. Qxh5 Bf1+ 0-1

[Event "NRW Class2 1112"]
[Site "Germany"]
[Date "2012.03.25"]
[Round "8.5"]
[White "Villwock, Martin"]
[Black "Haas, Kai Markus"]
[Result "1-0"]
[WhiteElo "2148"]
[BlackElo "1975"]
[PlyCount "51"]
[EventDate "2011.09.18"]
[EventType "team-tourn"]
[EventRounds "9"]
[EventCountry "GER"]
[SourceTitle "EXT 2015"]
[Source "ChessBase"]
[SourceDate "2014.11.20"]
[SourceVersion "1"]
[SourceVersionDate "2014.11.20"]
[SourceQuality "1"]
[WhiteTeam "Katernberg II"]
[BlackTeam "Sendenhorst"]
[WhiteTeamCountry "GER"]
[BlackTeamCountry "GER"]

1. e4 d5 2. exd5 Qxd5 3. d4 Nf6 4. Nf3 Bg4 5. Be2 c6 6. c4 Qa5+ 7. Nc3 e6 8. 0-0 Nbd7 9. Bf4 Be7 10. Qd2 Qh5 11. Rfe1 Rd8 12. Bc7 Rc8 13. Bg3 Nb6 14. h3 Bxf3 15. Bxf3 Qg6 16. Qe2 Rd8 17. d5 cxd5 18. cxd5 Nfxd5 19. Nxd5 Nxd5 20. Qb5+ Kf8 21. Rac1 b6 22. Bxd5 exd5 23. Rxe7 Kxe7 24. Qb4+ Kd7 25. Rc7+ Ke6 26. Qe7+ 1-0

[Event "NRW Class2 1112"]
[Site "Germany"]
[Date "2012.02.05"]
[Round "6.5"]
[White "Haas, Kai Markus"]
[Black "Borrink, Joern"]
[Result "0-1"]
[WhiteElo "1975"]
[BlackElo "2084"]
[PlyCount "70"]
[EventDate "2011.09.18"]
[EventType "team-tourn"]
[EventRounds "9"]
[EventCountry "GER"]
[SourceTitle "EXT 2015"]
[Source "ChessBase"]
[SourceDate "2014.11.20"]
[SourceVersion "1"]
[SourceVersionDate "2014.11.20"]
[SourceQuality "1"]
[WhiteTeam "Sendenhorst"]
[BlackTeam "Muenster SK II"]
[WhiteTeamCountry "GER"]
[BlackTeamCountry "GER"]

1. f4 d5 2. b3 Nf6 3. Nf3 c5 4. e3 Nc6 5. Bb5 Bd7 6. Bb2 g6 7. 0-0 Bg7 8. Bxc6 Bxc6 9. Ne5 0-0 10. Nxc6 bxc6 11. Qe2 e6 12. d3 Nd7 13. Bxg7 Kxg7 14. c4 f5 15. Nd2 e5 16. Rac1 Qe7 17. Rfe1 Rae8 18. Qf2 Qd6 19. Rcd1 Rf7 20. g3 Rfe7 21. Nf3 d4 22. exd4 cxd4 23. fxe5 Nxe5 24. Nxe5 Rxe5 25. Kf1 Re3 26. Qf4 Qf6 27. Rxe3 dxe3 28. Re1 g5 29. Qf3 f4 30. gxf4 gxf4 31. Re2 Kh8 32. Kg1 Qa1+ 33. Qf1 Qd4 34. Qf3 Rg8+ 35. Kf1 Qg7 0-1

[Event "NRW Class2 1112"]
[Site "Germany"]
[Date "2011.11.13"]
[Round "3.5"]
[White "Fecke, Andreas"]
[Black "Haas, Kai Markus"]
[Result "1-0"]
[WhiteElo "2086"]
[BlackElo "1975"]
[PlyCount "57"]
[EventDate "2011.09.18"]
[EventType "team-tourn"]
[EventRounds "9"]
[EventCountry "GER"]
[SourceTitle "EXT 2015"]
[Source "ChessBase"]
[SourceDate "2014.11.20"]
[SourceVersion "1"]
[SourceVersionDate "2014.11.20"]
[SourceQuality "1"]
[WhiteTeam "Lippstadt Turm"]
[BlackTeam "Sendenhorst"]
[WhiteTeamCountry "GER"]
[BlackTeamCountry "GER"]

1. e4 e6 2. d3 d5 3. Nd2 c5 4. Ngf3 Nc6 5. g3 g6 6. Bg2 Bg7 7. 0-0 Nge7 8. Re1 0-0 9. Qe2 b6 10. Nf1 a5 11. c3 dxe4 12. dxe4 Qc7 13. Be3 Ba6 14. Qc2 Rfd8 15. Rad1 Rac8 16. Bf4 Ne5 17. Nxe5 Bxe5 18. Bxe5 Qxe5 19. Ne3 Qc7 20. Ng4 h5 21. Nf6+ Kg7 22. e5 Rxd1 23. Qxd1 Rd8 24. Qf3 Ng8 25. Qf4 Bb7 26. Bxb7 Qxb7 27. Nxh5+ Kf8 28. Nf6 Kg7 29. Qh4 1-0

[Event "Muensterland Verbandsliga 1011"]
[Site "Germany"]
[Date "2011.05.14"]
[Round "9.7"]
[White "Scharlow, Siegmar"]
[Black "Haas, Kai Markus"]
[Result "0-1"]
[WhiteElo "1780"]
[BlackElo "1971"]
[PlyCount "80"]
[EventDate "2010.09.25"]
[EventType "team-tourn"]
[EventRounds "9"]
[EventCountry "GER"]
[SourceTitle "EXT 2012"]
[Source "ChessBase"]
[SourceDate "2011.11.24"]
[SourceVersion "1"]
[SourceVersionDate "2011.11.24"]
[SourceQuality "1"]
[WhiteTeam "Nienberge"]
[BlackTeam "Sendenhorst"]
[WhiteTeamCountry "GER"]
[BlackTeamCountry "GER"]

1. d4 d6 2. e4 g6 3. f4 Bg7 4. Nc3 e6 5. Nf3 Ne7 6. Bd3 c6 7. Be3 d5 8. e5 b6 9. Qe2 a6 10. 0-0 Qc7 11. b4 Nd7 12. Na4 Nf8 13. g4 h5 14. h3 a5 15. a3 Nd7 16. Ng5 Nb8 17. f5 exf5 18. gxf5 Nxf5 19. Bf4 Be6 20. Bxf5 gxf5 21. Qg2 Ra7 22. Ne4 Bf8 23. Nf6+ Kd8 24. Qg5 Kc8 25. bxa5 Rxa5 26. Ne8 Qa7 27. Qf6 Rg8+ 28. Bg5 Rxa4 29. Qd8+ Kb7 30. Nd6+ Ka8 31. Kh1 Qd7 32. Qxb6 Ra6 33. Qb4 Bxd6 34. exd6 Rxg5 35. Rab1 Rg8 36. Rf3 Qa7 37. Rfb3 Nd7 38. Qc3 Rb8 39. Qd3 Rab6 40. Qc3 Rxb3 0-1

[Event "Muensterland Verbandsliga 0910"]
[Site "Germany"]
[Date "2010.03.06"]
[Round "7.8"]
[White "Sparwel, Oliver"]
[Black "Haas, Kai Markus"]
[Result "1/2-1/2"]
[WhiteElo "1939"]
[BlackElo "1941"]
[PlyCount "34"]
[EventDate "2009.09.26"]
[EventType "team-tourn"]
[EventRounds "9"]
[EventCountry "GER"]
[SourceTitle "EXT 2011"]
[Source "ChessBase"]
[SourceDate "2010.11.26"]
[SourceVersion "1"]
[SourceVersionDate "2010.11.26"]
[SourceQuality "1"]
[WhiteTeam "Suedlohn"]
[BlackTeam "Sendenhorst"]
[WhiteTeamCountry "GER"]
[BlackTeamCountry "GER"]

1. e4 d6 2. d4 Nd7 3. f4 g6 4. Nf3 Bg7 5. Bc4 e6 6. 0-0 c6 7. Bb3 d5 8. exd5 cxd5 9. c3 Ne7 10. Nbd2 0-0 11. Ne5 Nf5 12. Ndf3 Nd6 13. Bc2 f5 14. b3 Re8 15. c4 Ne4 16. Bb2 Ndf6 17. c5 Bd7 1/2-1/2

[Event "Muensterland Verbandsliga 0910"]
[Site "Germany"]
[Date "2009.11.28"]
[Round "3.8"]
[White "Haas, Kai Markus"]
[Black "Sommerhoff, Dominic"]
[Result "1/2-1/2"]
[WhiteElo "1941"]
[BlackElo "1986"]
[PlyCount "25"]
[EventDate "2009.09.26"]
[EventType "team-tourn"]
[EventRounds "9"]
[EventCountry "GER"]
[SourceTitle "EXT 2011"]
[Source "ChessBase"]
[SourceDate "2010.11.26"]
[SourceVersion "1"]
[SourceVersionDate "2010.11.26"]
[SourceQuality "1"]
[WhiteTeam "Sendenhorst"]
[BlackTeam "Muenster II"]
[WhiteTeamCountry "GER"]
[BlackTeamCountry "GER"]

1. e4 d5 2. e5 Bf5 3. d3 Qd7 4. Nf3 Nc6 5. d4 e6 6. Be2 f6 7. Bf4 Nge7 8. exf6 gxf6 9. Bg3 Ng6 10. Bb5 Bd6 11. Nc3 a6 12. Ba4 b5 13. Bb3 1/2-1/2